000 00288nam a22001337a 4500
008 180214b xxu||||| |||| 00| 0 eng d
020 _a9780072884890
041 _aeng
080 _a7
100 _a41
101 _aart
245 _athe human tradition
_cfiero.g.k
942 _2udc
_cBK
999 _c42498
_d42498